11th Hour Patent Master Key (Record no. 367184)

MARC details
000 -LEADER
fixed length control field 00382 a2200145 4500
005 - DATE AND TIME OF LATEST TRANSACTION
control field 20250730114311.0
008 - FIXED-LENGTH DATA ELEMENTS--GENERAL INFORMATION
fixed length control field 250730b |||||||| |||| 00| 0 eng d
020 ## - INTERNATIONAL STANDARD BOOK NUMBER
International Standard Book Number 9798891330801
041 ## - LANGUAGE CODE
Language code of text/sound track or separate title English
100 ## - MAIN ENTRY--PERSONAL NAME
Author Tayade P.
245 ## - TITLE STATEMENT
Title 11th Hour Patent Master Key
Remainder of title : To Clear Indian Patent Agent Exam
260 ## - PUBLICATION, DISTRIBUTION, ETC.
Name of publisher, distributor, etc. Notion Press
Date of publication, distribution, etc. 2023
300 ## - PHYSICAL DESCRIPTION
Extent 111
942 ## - ADDED ENTRY ELEMENTS (KOHA)
Koha item type Books
Holdings
Withdrawn status Lost status Source of classification or shelving scheme Damaged status Not for loan Home library Current library Date acquired Vendor Net Price Total Checkouts Full call number Barcode Date last seen Date last checked out Actual Price Bill Date Koha item type
    Dewey Decimal Classification     Cummins College of Engineering for Women Pune Cummins College of Engineering for Women Pune 29/07/2025 174 279.00 1 346.0482 TAY CCEP-BK-69117 17/03/2026 07/08/2025 279.00 29/07/2025 Books